Semantics of rig veda and sri aurobindo's vedic glossary / (Record no. 147759)

MARC details
000 -LEADER
fixed length control field 00642nam a22002057a 4500
005 - DATE AND TIME OF LATEST TRANSACTION
control field 20171125125625.0
010 ## - LCCN (DPL NO)
LC control number ENG-121615
020 ## - INTERNATIONAL STANDARD BOOK NUMBER
International Standard Book Number 9788179940495
Terms of availability 150.00
035 ## - SYSTEM CONTROL NUMBER
System control number EN-105147
037 ## - SOURCE OF ACQUISITION
Source of stock number/acquisition DBAD/PUB
082 ## - DEWEY DECIMAL CLASSIFICATION NUMBER
Classification number 491.21
100 ## - MAIN ENTRY--PERSONAL NAME
Personal name Kashyap, R.L.
245 ## - TITLE STATEMENT
Title Semantics of rig veda and sri aurobindo's vedic glossary /
Statement of responsibility, etc by R.L. Kashyap; compiled by A.B. Purani
260 ## - PUBLICATION, DISTRIBUTION, ETC. (IMPRINT)
Place of publication, distribution, etc Bangaluru
Name of publisher, distributor, etc Sakshi
Date of publication, distribution, etc 2017
270 ## - ADDRESS
Address 63, 13th Main, 4th Block East, Jayanagar,
City Bangaluru
Postal code 560011
300 ## - PHYSICAL DESCRIPTION
Extent x,366p.
Dimensions 23cm(Hb)
500 ## - GENERAL NOTE
General note Includes index
700 ## - ADDED ENTRY--PERSONAL NAME
Dates associated with a name Purani, A.B.
942 ## - ADDED ENTRY ELEMENTS (KOHA)
Source of classification or shelving scheme Dewey Decimal Classification
Item type English Books
Classification part 491.29
Call number suffix KAS
Holdings
Withdrawn status Lost status Not for loan Collection code Home library Current library Date acquired Source of acquisition Cost, normal purchase price Full call number Barcode Copy number Cost, replacement price Koha item type
      Non-fiction Katevara Katevara 25/11/2017 DBAD/PUB 150.00 491.29 KAS EN-105147 1 150.00 English Books

© Delhi Public Library
Hit Counter
free hit counter